| 000 | 00859nam a2200229 i 4500 | ||
|---|---|---|---|
| 001 | 27486 | ||
| 003 | ES-MaACL | ||
| 005 | 20250728103910.0 | ||
| 007 | t| | ||
| 008 | 030114s1909 sp ||||1| spa d | ||
| 100 | 1 |
_aAzcárate, Gumersindo de, _d1840-1917 _924243 |
|
| 245 | 1 | 3 |
_aLa religión y las religiones / _cconferencia dada en la Sociedad "El Sitio" por D. Gumersindo de Azcárate, en la noche del 16 de mayo de 1909. |
| 260 |
_aBilbao : _bSociedad El Sitio, _c1909. |
||
| 300 |
_a29 p. ; _c22 cm. |
||
| 530 | _aDisponible en formato digital. | ||
| 650 | 4 |
_aReligión- _xFilosofía _916799 |
|
| 650 | 7 |
_aReligión- _xHistoria _2 _9136820 |
|
| 710 | 2 |
_aSociedad "El Sitio" _96704 |
|
| 852 | 4 |
_aES-MaACL _jT-1192-F-6 |
|
| 856 | 4 |
_uhttp://bdh-rd.bne.es/viewer.vm?id=0000243110&page=1 _zBiblioteca Digital Hispánica |
|
| 999 |
_c27486 _d27486 |
||